Visualizzazione normale
Vista MARC
- Shapiro S.
di Personal Name
Records bibliografici associati: 1
001 - CONTROL NUMBER
- control field: 4176
003 - CONTROL NUMBER IDENTIFIER
- control field: IT-RoPau
005 - DATE AND TIME OF LATEST TRANSACTION
- control field: 20131128092559.0
008 - FIXED-LENGTH DATA ELEMENTS
- fixed length control field: 131128|| aca||aabn | a|a d
040 ## - CATALOGING SOURCE
- Original cataloging agency: IT-RoPau
- Transcribing agency: IT-RoPau
100 ## - HEADING--PERSONAL NAME
- Personal name: Shapiro S.
- Miscellaneous information: Codice autore musica SPICS: 20268
- Relator term: Autore musica
- Name of part/section of a work: La vigilia di Natale - E poi...
670 ## - SOURCE DATA FOUND
- Source citation: Work cat.: (IT-RoPau)99578: AA.VV. 794, Frutta e verdura (Lp Pld L 5069)